Biology: a global approach. (10th ed.) (Record no. 81127)

MARC details
000 -LEADER
fixed length control field 01264nam a2200217 a 4500
008 - FIXED-LENGTH DATA ELEMENTS--GENERAL INFORMATION
fixed length control field 160516s2015 ||||||||||||||||| || u
020 ## - INTERNATIONAL STANDARD BOOK NUMBER
International Standard Book Number 9781292008653
050 ## - LIBRARY OF CONGRESS CALL NUMBER
Classification number QH 308.2 Bio
100 ## - MAIN ENTRY--PERSONAL NAME
Personal name Campbell, Neil A
245 10 - TITLE STATEMENT
Title Biology: a global approach. (10th ed.)
Statement of responsibility, etc. By Neil A. Campbell, Jane B. Reece, Lisa A. Urry, Michael L. Cain, Steven A. Wasserman, Peter V. Minorsky [and] Robert B. Jackson
250 ## - EDITION STATEMENT
Edition statement 10th ed.
260 ## - PUBLICATION, DISTRIBUTION, ETC.
Place of publication, distribution, etc. Harlow
Name of publisher, distributor, etc. Pearson Education Limited
Date of publication, distribution, etc. 2015
300 ## - PHYSICAL DESCRIPTION
Extent 1350p.: ill.
350 ## -
-- 16.64
500 ## - GENERAL NOTE
General note Includes Appendix and an index
650 #0 - SUBJECT ADDED ENTRY--TOPICAL TERM
Topical term or geographic name entry element BIOLOGY
995 ## -
-- ANNEX COLLECTION (Main Library)
-- 745782
-- CBU-MAIN LIBRARY (Kitwe)
-- 16.64
-- QH 308.2 Bio
-- 3
-- AVAILABLE
-- May 17, 2016
-- 745782
-- Annex Low-Usage Collection
995 ## -
-- MAIN LIBRARY OPEN ACCESS
-- 745780
-- CBU-MAIN LIBRARY (Kitwe)
-- 16.64
-- QH 308.2 Bio
-- 1
-- AVAILABLE
-- May 17, 2016
-- 745780
-- Main Library Open Access Collection
995 ## -
-- MAIN LIBRARY OPEN ACCESS
-- 745781
-- CBU-MAIN LIBRARY (Kitwe)
-- 16.64
-- QH 308.2 Bio
-- 2
-- AVAILABLE
-- May 17, 2016
-- 745781
-- Main Library Open Access Collection
995 ## -
-- MAIN LIBRARY OPEN ACCESS
-- 745783
-- CBU-MAIN LIBRARY (Kitwe)
-- 16.64
-- QH 308.2 Bio
-- 4
-- AVAILABLE
-- May 17, 2016
-- 745783
-- Main Library Open Access Collection
999 ## -
-- 81127
-- 81127
Holdings
Withdrawn status Lost status Source of classification or shelving scheme Damaged status Not for loan Permanent Location Current Location Shelving location Date acquired Total Checkouts Full call number Barcode Date last seen Copy number Price effective from Koha item type
          CBU-MAIN LIBRARY, KITWE. CBU-MAIN LIBRARY, KITWE.   07/19/2023   QH 308.2 Bio 745782 07/19/2023 1 07/19/2023 MONOGRAPH
          CBU-MAIN LIBRARY, KITWE. CBU-MAIN LIBRARY, KITWE.   07/19/2023   QH 308.2 Bio 745780 07/19/2023 2 07/19/2023 MONOGRAPH
          CBU-MAIN LIBRARY, KITWE. CBU-MAIN LIBRARY, KITWE.   07/19/2023   QH 308.2 Bio 745781 07/19/2023 3 07/19/2023 MONOGRAPH
          CBU-MAIN LIBRARY, KITWE. CBU-MAIN LIBRARY, KITWE.   07/19/2023   QH 308.2 Bio 745783 07/19/2023 4 07/19/2023 MONOGRAPH